000 01171nam a2200253Ia 4500
999 _c38519
_d38519
001 4620
003 GE_BSU
005 20190507164532.0
008 181216s2004|||| |||||||||||||| ||geo||
020 _a9992832444
040 _cGE_BSU
041 _ageo
080 _a347.73(479.22) შ–48
100 _aშენგელია, რომან
_9909
245 _aსაფინანსო სამართალი = The financial law = Финансовое право :
_bზოგადი ნაწილი /
_cრომან შენგელია; რედ : ჯონი ხეცურიანი ; ამირან ჯიბუტი.
264 _aთბილისი .:
_bმერიდიანი,
_c2004.
300 _a542გვ . ;
_c20 სმ.
520 _aრეზ.რუს. და ინგლ. ენაზე
653 _aსაფინანსო სამართალი.
653 _aსამართალი
700 _aხეცურიანი, ჯონი
_eრედაქტორი
_9910
700 _aჯიბუტი, ამირან
_eრედაქტორი
_9911
942 _cBK
_2udc